Vybrané kapitoly z medzinárodného práva verejného
Saved in:
| Main Author: | |
|---|---|
| Corporate Author: | |
| Other Authors: | , |
| Format: | Book |
| Language: | Slovak |
| Published: |
Bratislava
Vydavateľstvo EKONÓM
2003
|
| Subjects: | |
| Tags: |
No Tags, Be the first to tag this record!
|
MARC
| LEADER | 00000nam$a2200000$$$4500 | ||
|---|---|---|---|
| 001 | 0003812 | ||
| 005 | 20240223112433.5 | ||
| 020 | |a 80-225-1705-4 | ||
| 041 | 0 | |a slo | |
| 044 | |a SK | ||
| 245 | 1 | 0 | |a Vybrané kapitoly z medzinárodného práva verejného |c Katarína Válková, Daniela Nováčková, Andrej Pitoňák |
| 264 | 1 | |a Bratislava |b Vydavateľstvo EKONÓM |c 2003 | |
| 300 | |a 117 s. | ||
| 610 | 2 | 0 | |a právo verejné medzinárodné |
| 610 | 2 | 0 | |a história |
| 610 | 2 | 0 | |a subjekt |
| 610 | 2 | 0 | |a zodpovednosť |
| 610 | 2 | 0 | |a zmluvy medzinárodné |
| 610 | 2 | 0 | |a právo zmluvné |
| 610 | 2 | 0 | |a organizácie medzinárodné |
| 610 | 2 | 0 | |a obyvateľstvo |
| 610 | 2 | 0 | |a rieky |
| 610 | 2 | 0 | |a more |
| 610 | 2 | 0 | |a právo |
| 610 | 2 | 0 | |a OSN |
| 100 | 1 | |a Válková, Katarína | |
| 700 | 1 | |a Nováčková, Daniela | |
| 700 | 1 | |a Pitoňák, Andrej | |
| 710 | 2 | |a Ekonomická univerzita v Bratislave. Fakulta medzinárodných vzťahov | |